| 000 | 00690nam a2200205 a 4500 | ||
|---|---|---|---|
| 001 | 000042696 | ||
| 005 | 20201002040331.0 | ||
| 008 | 140205s2002 sp a 001 0 spa d | ||
| 020 | _a8489644721 | ||
| 040 |
_aDO-SdBNP _bspa _cBNPHU |
||
| 082 |
_axxx _bxxx |
||
| 100 | 1 |
_aComa, Javier, _d1939- _970005 |
|
| 245 | 1 | 3 |
_aLa Brigada Hollywood : _bguerra española y cine americano / _cJavier Coma. |
| 260 |
_aBarcelona : _bFlor del Viento, _c2002. |
||
| 300 |
_a237 p., : _bil., ; _c23 cm. |
||
| 490 | 1 |
_aDel viento terral _v30 |
|
| 500 | _aIncluye datos biográficos del autor en la solapa de la contracubierta | ||
| 504 | _aBibliografía : p. 221-225 | ||
| 830 | 0 |
_aDel viento terral _n30 _970006 |
|
| 999 |
_c42185 _d42185 |
||